| 000 | 00000nam 2200000za 4500 |
| 001 | 9.699412 |
| 003 | CaOODSP |
| 005 | 20210625000353 |
| 007 | cr ||||||||||| |
| 008 | 150407|1988||||xxc|||||o f|0| 0 eng d |
| 040 | |aCaOODSP|beng |
| 043 | |an-cn--- |
| 086 | 1 |aA53-855/1988E-PDF |
| 110 | 1 |aCanada.|bAgriculture Canada. |bPlant Protection Division. |
| 245 | 10|aInsect pests in cargo ships |h[electronic resource] / |c[by] H.A.U. Monro; revised by E.J. Bond and J. Bénazet. |
| 260 | |aOttawa : |bAgriculture Canada. |c1969, revised 1984, revised 1988. |
| 300 | |a36 p. |
| 500 | |aHistorical publication digitized by Agriculture and Agri-Food Canada. |
| 590 | |a14-11-Supp|b2014-05-21 |
| 690 | 07|aAgri-food products|2gcpds |
| 690 | 07|aFreight|2gcpds |
| 690 | 07|aInsects|2gcpds |
| 690 | 07|aPests|2gcpds |
| 775 | 08|tInsectes nuisibles des cargos / |w(CaOODSP)9.643399 |
| 856 | 40|ahttp://publications.gc.ca|qPDF|s2.6 MB|uhttps://publications.gc.ca/collections/collection_2014/aac-aafc/agrhist/A53-855-1988-eng.pdf |
| 986 | |a855/E |